00866nam a2200205Ia 450000500170000000800410001702000150005808200230007310000340009624501310013025000130026126000320027430000110030650501680031765000350048565000280052065000460054870000330059470000330062720231102150609.0120622s1988 mx r 000 0 spa d a9682301432 4a909.81bH653t 1988 aHOBSBAWM, Eric, 1917- ,autor aEn torno a los orígenes de la revolución industrial c/ Eric Hobsbawm ; traducción de Ofelia Castillo y Enrique Tandeter a20a. ed. aMéxicob: Siglo XXIc1988 a114 p. aLa crisis general de la economía europea en el siglo XVII El Siglo XVII en el desarrollo del capitalismo Los orígenes de la Revolución Industrial Británica14aECONOMÍAySIGLO XVIIzEUROPA24aCAPITALISMOySIGLO XVII24aREVOLUCIÓN INDUSTRIALxHSITORIAzEUROPA1 aCastillo, Ofeliaetraductora1 aTandeter, Enriqueetraductor